|
|
|
|
| LEADER |
00000cam a2200000 7i4500 |
| 001 |
0000020287 |
| 005 |
20080624.0 |
| 008 |
080624 |
| 022 |
1 |
|
|a 15111377
|
| 090 |
0 |
0 |
|a 959.511905
|b JUR
|
| 245 |
1 |
0 |
|a Jurnal warisan Johor, jilid V 2001
|c ketua editor Md.Ismail Zamzam ...[et al.]
|
| 260 |
|
|
|a Johor :
|b Yayasan Warisan Johor ,
|c 2001
|
| 650 |
|
0 |
|a Johor
|x history periodicals
|
| 650 |
|
0 |
|a Johor
|x social life and customs
|x periodicals
|
| 700 |
1 |
|
|a Dzul Karnain Asmawi
|
| 700 |
1 |
|
|a Md.Ismail Zamzam
|
| 710 |
1 |
|
|a Yayasan Warisan Johor
|
| 999 |
|
|
|a 0001026991
|b Book
|c REFERENCE
|e Perbadanan Perpustakaan Awam Johor
|
| 999 |
|
|
|a 0001026992
|b Book
|c REFERENCE
|e Perbadanan Perpustakaan Awam Johor
|